college football teams in SEC quiz - Statistics

General Stats
  • This quiz has been taken 40 times
  • The average score is 14 of 16
Answer Stats
Hint Answer % Correct
2 Alabama Crimson Tide
100%
1 Georgia Bulldogs
100%
14 Texas Longhorns
100%
15 Texas A&M Aggies
97%
6 Kentucky Wildcats
92%
7 Louisiana State Tigers
89%
13 Tennessee Volunteers
89%
5 Florida Gators
87%
12 South Carolina Gamecocks
87%
16 Vanderbilt Commodores
87%
4 Auburn Tigers
84%
8 Mississippi Rebels
84%
3 Arkansas Razorbacks
82%
11 Oklahoma Sooners
82%
9 Mississippi State Bulldogs
76%
10 Missouri Tigers
76%
No matching quizzes found
Score Distribution
Percent of People with Each Score
Percentile by Number Answered
Your Score History
You have not taken this quiz